000 01020nam a22003257a 4500
003 CHAP
005 20220329143521.0
008 100323s1996 mx r 00010 spa d
010 _a97857
011 _a98829
020 _a9682320089
035 _a109514
040 _cCHAP
082 0 4 _a338.1736
_bM66
100 1 _aMintz, Sidney W.
_976019
245 1 0 _aDulzura y poder :
_bel lugar del azúcar en la historia moderna
_c/ por Sidney W. Mintz
260 _aMéxico :
_bSiglo XXI,
_c1996
300 _a299 p.
534 _pTít. original :
_tSweetness and power
590 _aBATCH-UPD
_b10
_c20130110
_lUCH01
_h1331
590 _aBATCH-UPD
_b10
_c20130410
_lUCH01
_h0836
590 _aBATCH-UPD
_b10
_c20130914
_lUCH01
_h0511
590 _aCONVERSION
_b10
_c20130109
_lUCH01
_h1354
650 1 4 _aAzúcar
_xConsumo.
_99147
650 1 4 _aAzúcar
_xHistoria.
_99157
650 1 4 _aAzúcar
_xMercadeo.
_99164
901 _aBK
942 _cLIBRO
949 _a338.1736 M66
_bBC
_cLIBRO
_d33724002163850
_eLIBRO
_h112028
_i109514
_sb
999 _c97857
_d97857